The Art of Worldly Wisdom (Record no. 11311)

MARC details
000 -LEADER
fixed length control field 00578nam a2200229 a 4500
001 - CONTROL NUMBER
control field 0001-1311
003 - CONTROL NUMBER IDENTIFIER
control field ELIB.Books
008 - FIXED-LENGTH DATA ELEMENTS--GENERAL INFORMATION
fixed length control field 150710 2010 eng
035 ## - SYSTEM CONTROL NUMBER
System control number (ELIB.Books)0001-1466
092 ## - LOCALLY ASSIGNED DEWEY CALL NUMBER (OCLC)
Classification number 868
Item number Gra
100 ## - MAIN ENTRY--PERSONAL NAME
Personal name Gracian, Baltasar.
245 ## - TITLE STATEMENT
Title The Art of Worldly Wisdom
260 ## - PUBLICATION, DISTRIBUTION, ETC. (IMPRINT)
Place of publication, distribution, etc. New York
Name of publisher, distributor, etc. Doubleday Currency
Date of publication, distribution, etc. 1992
300 ## - PHYSICAL DESCRIPTION
Extent 182
Dimensions 19 Cm
500 ## - GENERAL NOTE
General note Library
650 ## - SUBJECT ADDED ENTRY--TOPICAL TERM
Topical term or geographic name as entry element Spiritual Literature
856 ## - ELECTRONIC LOCATION AND ACCESS
Name of location of host KBTS: Library
Uniform Resource Identifier <a href="KBTS: Elib">KBTS: Elib</a>
942 ## - ADDED ENTRY ELEMENTS (KOHA)
Source of classification or shelving scheme Dewey Decimal Classification
Koha item type Books
990 ## - EQUIVALENCES OR CROSS-REFERENCES [LOCAL, CANADA]
Link information for 9XX fields 1
998 ## - LOCAL CONTROL INFORMATION (RLIN)
Cataloger's initials, CIN (RLIN) bat
-- 2015-07-10
Holdings
Withdrawn status Lost status Source of classification or shelving scheme Damaged status Not for loan Home library Current library Date acquired Total Checkouts Barcode Date last seen Bill Date Koha item type
    Dewey Decimal Classification     Karen Baptist Theological Seminary Library Karen Baptist Theological Seminary Library 10/07/2015   15610 22/01/2022 22/01/2022 Books
Implemented & Customized by: BestBookBuddies

Powered by Koha